000 00685cam a2200217 a 4500
001 000008289
005 20200929161325.0
008 901212s1983 sp a 001 0 spa
020 _a8471785420
040 _aDO-SdBNP
_cDLC
082 _aN863.44
_bR173t
100 1 _aRamírez, Sergio,
_d1942-
_917566
245 1 1 _a¿Te dio miedo la sangre? /
_cSergio Ramírez.
260 _aBarcelona :
_bArgos Vergara,
_c1983.
300 _a277 p. :
_bil. ;
_c20 cm.
490 1 _aBibliotheca del Fenice ;
_vno. 13
650 4 _aNovela nicaraguense
_922434
650 4 _aLiteratura nicaraguense
_98180
830 0 _aBibliotheca del Fenice ;
_vno. 13
_922435
910 _aCatalogación por copia / LC
999 _c8060
_d8060